000
00410nam a2200133Ia 4500
008
100328s9999 xx 000 0 und d
082
_b
37685
100
_a
फडणीस शकुंतला
245
_a
सात मजली बाशिंग
260
_b
संजय
630
_a
सात मजली बाशिंग
730
_a
सात मजली बाशिंग
942
_c
BOOK
999
_c
527057
_d
527054